Discographie de Tame Impala - Statistiques

Statistiques générales
  • Ce quiz a été pris 39 fois
  • Le résultat moyen est 14 sur 60
Statistiques - réponses
Titres % Correct
Let It Happen
96%
Borderline
74%
Dracula
74%
The Less I Know The Better
74%
Nangs
70%
Elephant
57%
One More Hour
57%
New Person, Same Old Mistakes
52%
The Moment
52%
Yes I'm Changing
48%
Eventually
43%
Feels Like We Only Go Backward
43%
Loser
43%
My Old Ways
43%
End Of Summer
39%
Love/Paranoia
39%
One More Year
35%
Past Life
30%
Cause I'm A Man
26%
Gossip
26%
No Reply
26%
Obsolete
26%
Breathe Deeper
22%
Is It True
22%
Reality In Motion
22%
Afterthought
17%
Alter Ego
17%
Disciples
17%
Endors Toi
17%
Ethereal Connection
17%
Lost In Yesterday
17%
Oblivion
17%
Apocalypse Dreams
13%
Jeremy's Storm
13%
Lucidity
9%
Mind Mischief
9%
Piece Of Heaven
9%
See You On Monday (You're Lost)
9%
Tomorrow's Dust
9%
Why Won't They Talk To Me ?
9%
Desire Be Desire Go
4%
Glimmer
4%
It Is Not Meant To Be
4%
It Might Be Time
4%
Keep On Lying
4%
Music To Walk Home By
4%
Not My World
4%
On Track
4%
Posthumous Forgiveness
4%
Solitude Is Bliss
4%
The Bold Arrow Of Time
4%
Be Above It
0%
Expectation
0%
I Don't Really Mind
0%
Instant Destiny
0%
Nothing That Has Happened So Far Has Been Anything We Could Control
0%
Runway Houses City Clouds
0%
She Just Won't Believe Me
0%
Sun's Coming Up
0%
Why Won't You Make Up Your Mind?
0%
Aucun quiz correspondant
Distribution des résultats
% des personnes avec chaque résultat
Percentile par nombre de réponses
Votre historique - résultats
Vous n’avez pas pris ce quiz